[Event "World Chess Candidates 2018"]
[Site "Berlin"]
[Date "2018.03.24"]
[Round "12"]
[White "Kramnik, Vladimir"]
[Black "So, Wesley"]
[Result "1/2-1/2"]
[WhiteElo "2800"]
[BlackElo "2799"]
[Annotator "TA"]
[PlyCount "84"]
[EventDate "2018.??.??"]
[EventType "tourn"]
[EventCountry "GER"]
[SourceTitle "playchess.com"]
[Source "ChessBase"]
[SourceQuality "1"]

{[%evp 13,84,14,25,-5,22,14,15,17,20,10,16,12,21,12,11,11,29,34,39,33,43,43,125,102,120,125,85,58,55,64,75,76,52,48,48,40,61,50,34,48,96,92,97,97,94,94,92,90,81,81,79,18,19,14,14,14,16,8,8,8,8,0,0,0,0,0,0,0,0,0,0,0,0]} 1. c4 e6 2. Nc3 d5 3. d4 Be7 4. cxd5 exd5 5. Bf4 c6 6. e3 Bf5 7. g4 Be6 {LiveBook: 281 Games} 8. Qb3 $146 {D31: Queen's Gambit Declined: Semi-Slav without ...Nf6 (+ Marshall Gambit and Noteboom) and Exchange Variation lines without ...Nf6} ({Predecessor:} 8. h4 Bxh4 9. Qb3 g5 10. Be5 f6 11. Bh2 Bxg4 12. Qxb7 Qe7 13. Qxe7+ Nxe7 14. Be2 Bxe2 15. Kxe2 Nd7 16. Nf3 {0-1 (47) Giri,A (2785)-So,W (2815) chess.com INT 2017}) 8... Qb6 9. f3 g5 10. Be5 f6 11. Bg3 Qxb3 12. axb3 h5 13. gxh5 Rxh5 14. Bd3 Kf7 15. h4 f5 16. Nh3 f4 17. exf4 {[%cal Rh3g5]} Bxh3 ({Better is} 17... gxh4 $14 18. Ng5+ Rxg5 19. fxg5 hxg3) 18. fxg5 $16 {Strongly threatening g6+.} ({Don't play} 18. Rxh3 $6 gxh4 19. Kd2 Nd7 $14) (18. hxg5 $6 Bd6 $11) 18... Bd7 {[#]} ({Don't go for} 18... Bg2 $2 19. Rh2 $18) 19. Kf2 $1 Na6 20. Bxa6 bxa6 21. Ne2 Bd8 22. Be5 {[%mdl 1024] aiming for Nf4. White has strong compensation.} Ne7 23. Nf4 ({Weaker is} 23. Rxa6 Ng6 $17) 23... Rh7 24. h5 Kg8 $1 25. Rag1 Nf5 {next ...Bb6 is good for Black.} 26. h6 Be8 27. g6 Rxh6 28. Rxh6 Nxh6 29. Rh1 Bg5 30. Ne6 Bxg6 31. Nxg5 Nf7 32. Ne6 (32. f4 $16) 32... Nxe5 $11 {The position is equal.} 33. dxe5 {[%mdl 4096] Endgame Threatens to win with Rc1. KRB-KRN} Re8 34. Nf4 Bc2 $1 35. Rg1+ Kf7 36. e6+ Kf6 $132 {[%mdl 2048] Black puts up resistance} 37. Nh5+ Ke5 38. f4+ Kd6 39. Ng7 Rf8 40. Ke3 {[#]} d4+ $1 {[%mdl 512]} 41. Kf3 (41. Kxd4 Rxf4+) 41... Ke7 42. b4 Kf6 {Precision: White = 81%, Black = 74%.} 1/2-1/2

[Event "World Chess Candidates 2018"]
[Site "Berlin"]
[Date "2018.03.24"]
[Round "12"]
[White "Grischuk, Alexander"]
[Black "Aronian, Levon"]
[Result "1/2-1/2"]
[WhiteElo "2767"]
[BlackElo "2794"]
[Annotator "TA"]
[PlyCount "108"]
[EventDate "2018.??.??"]
[EventType "tourn"]
[EventCountry "GER"]
[SourceTitle "playchess.com"]
[Source "ChessBase"]
[SourceQuality "1"]

{[%evp 15,108,13,27,0,30,35,49,31,26,26,26,26,25,27,32,31,41,-8,31,38,31,27,25,0,6,14,14,15,79,72,77,13,13,13,10,8,11,12,10,12,6,2,14,8,6,5,8,8,26,5,4,5,11,8,7,7,12,11,12,0,12,12,12,12,12,4,11,0,12,12,12,6,8,4,16,0,13,8,7,0,0,0,6,0,0,0,7,7,10,8,14,0,13,0,18]} 1. e4 e5 2. Nf3 Nc6 3. Bb5 a6 4. Ba4 Nf6 5. O-O Be7 6. Re1 b5 7. Bb3 O-O 8. d3 d6 {LiveBook: 625 Games} 9. Bd2 {C88: Closed Ruy Lopez: Anti-Marshall Systems} (9. c3 Na5 10. Bc2 c5 11. h3 Re8 12. d4 Nd7 13. d5 Bf8 14. Nbd2 g6 15. Nf1 Bg7 16. g4 c4 17. Ng3 Nb7 18. Be3 Ndc5 19. b4 cxb3 20. axb3 {1-0 (47) Alekseev,E (2616)-Kovalev,V (2639) Tallinn 2018}) 9... Kh8 $146 ({Find the theoretical novelty and annotate with similar games:} 9... Bg4 10. h3 Bxf3 11. Qxf3 Nd4 12. Qd1 a5 13. c3 Nxb3 14. axb3 Nd7 {0-1 (40) Calzetta Ruiz,M (2317)-Atalik,E (2393) Turin 2006}) 10. h3 Nd7 11. Nc3 {White is slightly better.} Na5 12. Nd5 Nxb3 13. axb3 Bb7 14. c4 f5 15. Ba5 Rc8 16. Rc1 bxc4 17. bxc4 fxe4 18. dxe4 Nc5 19. Bc3 Qe8 20. b4 Ne6 21. Bd2 c6 (21... Bf6 $11) 22. Nxe7 $16 Qxe7 {[#]} 23. Be3 (23. c5 $1 $16) 23... c5 $11 24. bxc5 Nxc5 25. Bxc5 Rxc5 26. Nd2 {[%cal Bf3d2,Bd2f1,Bf1e3][%mdl 32]} Bc8 27. Nf1 Be6 28. Ne3 Rc6 29. Qa4 Rfc8 30. Rb1 h6 31. Rb8 {Threatening Qxc6.} Rxc4 32. Rxc8+ Rxc8 {The position is equal.} 33. Qxa6 Qc7 34. Rd1 Rd8 35. Qd3 Qc5 36. Kh2 Qc7 37. Kg1 Qc5 38. Rd2 Qc7 39. Qa3 Qe7 40. Rd1 Kh7 41. Qb4 Qc7 42. Rd3 Kg8 43. Qd2 Qe7 44. Kh2 Qf8 45. Kg1 Qe7 46. Qd1 Kh7 47. Rd2 Qf8 48. Rd3 Qe7 49. Rd2 Qf8 50. Nf1 Rd7 51. Ng3 Qb8 52. Kh2 Qf8 53. Kg1 Qb8 54. Kh2 Qf8 {Precision: White = 49%, Black = 60%.} 1/2-1/2

[Event "World Chess Candidates 2018"]
[Site "Berlin"]
[Date "2018.03.24"]
[Round "12"]
[White "Karjakin, Sergey"]
[Black "Caruana, Fabiano"]
[Result "1-0"]
[WhiteElo "2763"]
[BlackElo "2784"]
[Annotator "TA"]
[PlyCount "95"]
[EventDate "2018.??.??"]
[EventType "tourn"]
[EventCountry "GER"]
[SourceTitle "playchess.com"]
[Source "ChessBase"]
[SourceQuality "1"]

{[%evp 18,95,38,31,30,0,3,3,10,10,10,14,31,28,34,34,38,20,14,11,12,0,0,0,20,33,35,23,31,50,85,69,123,103,131,132,118,119,208,220,182,185,200,197,196,191,165,144,381,389,547,549,525,552,504,389,392,392,516,400,1368,1322,1370,1363,710,1125,1107,1149,1061,1143,1631,1547,2209,1927,2225,2098,1759,1715,1609,1587]} 1. e4 e5 2. Nf3 Nf6 3. Nxe5 d6 4. Nf3 Nxe4 5. Nc3 Nxc3 6. dxc3 Nc6 7. Be3 Be7 8. Qd2 Be6 9. O-O-O {C42: Petroff Defence: 3 Nxe5 and unusual White 3rd moves} Qd7 (9... a6 10. b3 h6 11. Be2 Qd7 12. Kb1 Bf6 13. Nd4 Nxd4 14. Bxd4 Bxd4 15. Qxd4 O-O 16. c4 Rfe8 17. Bf3 Rab8 {1-0 (41) Anand,V (2776)-Mamedyarov,S (2809) Moscow 2018}) 10. a3 {LiveBook: 5 Games} h6 11. Nd4 $146 {White has an edge.} ({Predecessor:} 11. Kb1 Rg8 12. Bd3 O-O-O 13. Qe2 Bf6 14. Bb5 Kb8 15. Rhe1 g5 16. Nd2 Bh8 {½-½ (71) Kasimdzhanov,R (2698)-Li,D (2488) Chengdu 2017}) 11... Nxd4 12. Bxd4 Rg8 13. Be2 {[%cal Bf1e2,Be2f3,Bf3d5][%mdl 32]} c5 14. Be3 d5 15. f4 O-O-O 16. Bf3 Bg4 17. Bxd5 Bxd1 18. Rxd1 Qc7 19. c4 Rge8 20. Qf2 b6 21. g4 Bf6 22. Kb1 {[%mdl 1024] White has compensation.} Rd7 23. Rd3 g5 24. Ka2 Ree7 ({Better is} 24... Rd6 $14) 25. Qf3 $16 Kd8 26. Bd2 Kc8 27. Qf1 Rd6 (27... a6 $16) 28. fxg5 $18 Bxg5 29. Bxg5 hxg5 30. Qf5+ Rdd7 {and if ...Qf4 works, Black does fine.} 31. Qxg5 Qe5 32. Qh6 Kd8 $2 {[#]} (32... f6 $16 33. h4 Rd6) 33. g5 Qd6 (33... b5 $142 34. Qf8+ Kc7) 34. Qh8+ Re8 35. Qh4 Qg6 36. Qg4 Re5 37. h4 Ke7 38. Rd2 b5 (38... Kd8 $142 39. Qf4 Qd6) 39. Bxf7 {White is clearly winning.} Qf5 40. Rxd7+ Kxd7 41. Qxf5+ Rxf5 {[%mdl 4096] Endgame KR-KB} 42. g6 Ke7 43. cxb5 Rh5 44. c4 Rxh4 45. a4 {[%cal Ba3a4,Ba4a5][%mdl 32]} Rg4 46. a5 Kd6 47. a6 Kc7 48. Kb3 {Precision: White = 79%, Black = 38%.} 1-0

[Event "World Chess Candidates 2018"]
[Site "Berlin"]
[Date "2018.03.26"]
[Round "13"]
[White "Mamedyarov, Shakhriyar"]
[Black "Grischuk, Alexander"]
[Result "1-0"]
[WhiteElo "2809"]
[BlackElo "2767"]
[Annotator "TA"]
[PlyCount "77"]
[EventDate "2018.??.??"]
[EventType "tourn"]
[EventCountry "GER"]
[SourceTitle "playchess.com"]
[Source "ChessBase"]
[SourceQuality "1"]

{[%evp 19,77,34,46,21,11,20,33,0,3,0,0,-20,27,-12,7,0,0,8,26,6,10,0,0,0,0,0,0,0,0,0,0,0,9,0,0,0,0,0,0,0,0,0,0,0,0,0,0,0,0,0,439,421,421,411,29962,29960,5377,733,29992,29993]} 1. d4 Nf6 2. Nf3 g6 3. g3 Bg7 4. Bg2 O-O 5. O-O d5 6. c4 dxc4 7. Na3 c3 8. bxc3 c5 9. Re1 {D77: Fianchetto Grünfeld: 6 0-0: Replies other than 6...c6} Nc6 10. Bb2 Nd5 {LiveBook: 9 Games} 11. Qc2 {White is slightly better.} cxd4 $146 ({Find the theoretical novelty and annotate with similar games:} 11... Nb6 12. Rad1 Bf5 13. e4 Bg4 14. h3 Bxf3 15. Bxf3 Qc8 16. Bg2 e6 17. dxc5 {0-1 (67) Dreev,A (2652)-Puranik,A (2509) Bastia 2017}) 12. Nxd4 Nf6 13. Nxc6 (13. e4 {NOTEXT} Nd7 14. Rad1 Na5 15. c4 Qb6 16. Bc3) 13... bxc6 14. c4 Bf5 15. Qc1 Qc7 16. Nc2 Rab8 17. Bc3 Bxc2 18. Qxc2 Ne8 19. h4 c5 20. Red1 Bxc3 21. Qxc3 Nf6 22. Bf3 h5 23. Rab1 Rxb1 24. Rxb1 Rb8 25. Rb5 Ne8 26. Qe3 {[#] Strongly threatening Rxb8.} (26. Kf1 {NOTEXT} Nd6 27. Rb3 Rxb3 28. axb3 e6 29. Kg2) 26... Rxb5 27. cxb5 Nd6 28. a4 c4 29. Kg2 c3 {[#] aiming for ...c2.} 30. Bc6 $36 {[%mdl 2048] White has some pressure.} Qa5 31. Qc5 a6 32. e4 {[%cal Be2e4,Be4e5,Be5e6,Be6f7][%mdl 32]} axb5 33. axb5 Kh7 34. e5 Nxb5 $2 {[%mdl 8192]} (34... Nf5 $11 {and Black stays safe.}) 35. e6 $1 $18 {[%cal Re6f7]} ({Not} 35. Bxb5 c2 $11) 35... Qa3 36. Qxb5 c2 (36... f5 $18 37. Qc4 Qa5) 37. exf7 Kg7 38. Be4 {Threatening mate with Qe8.} c1=Q 39. Qe8 {Precision: White = 49%, Black = 65%.} 1-0

[Event "World Chess Candidates 2018"]
[Site "Berlin"]
[Date "2018.03.26"]
[Round "13"]
[White "So, Wesley"]
[Black "Karjakin, Sergey"]
[Result "1/2-1/2"]
[WhiteElo "2799"]
[BlackElo "2763"]
[Annotator "TA"]
[PlyCount "77"]
[EventDate "2018.??.??"]
[EventType "tourn"]
[EventCountry "GER"]
[SourceTitle "playchess.com"]
[Source "ChessBase"]
[SourceQuality "1"]

{[%evp 23,77,14,52,13,14,6,10,7,14,4,0,0,4,0,0,0,9,0,2,4,9,0,0,0,0,0,0,0,0,0,0,0,0,0,0,0,0,0,0,0,0,0,0,0,0,0,0,0,0,0,8,8,8,8,8,0]} 1. d4 Nf6 2. c4 e6 3. Nc3 Bb4 4. Qc2 d5 5. a3 Bxc3+ 6. Qxc3 Ne4 7. Qc2 c5 8. dxc5 Nc6 9. Nf3 Qa5+ 10. Bd2 {E37: Nimzo-Indian: Classical: 4...d5 5 a3 Bxc3+ 6 Qxc3 Ne4} Qxc5 11. e3 Nxd2 12. Nxd2 dxc4 {LiveBook: 20 Games} 13. b4 $146 ({Predecessor:} 13. Bxc4 O-O 14. b4 Qe7 15. Bd3 h6 16. Qc3 a6 17. O-O Bd7 {½-½ (26) Giri,A (2784)-Adams,M (2737) London 2015}) 13... Qf5 {The position is equal.} 14. Qxf5 exf5 15. Bxc4 Ke7 16. Nf3 Be6 17. Bxe6 fxe6 18. Ke2 Rhc8 19. Rhc1 Nd8 20. Ne5 Nf7 21. Nxf7 Kxf7 $11 {[%mdl 4096] Endgame KRR-KRR} 22. e4 Kf6 23. Ke3 g5 24. g3 h5 25. h3 g4 26. hxg4 hxg4 27. f3 gxf3 28. Kxf3 Ke5 29. exf5 exf5 30. Re1+ Kf6 31. Rac1 Rxc1 32. Rxc1 {KR-KR} Rd8 33. Rc7 Rd3+ 34. Kf4 Rxa3 35. Rxb7 Ra4 36. Rb5 a5 37. Rxf5+ Kg7 38. Rg5+ Kf6 39. Rf5+ {Precision: White = 61%, Black = 75%.} 1/2-1/2

[Event "World Chess Candidates 2018"]
[Site "Berlin"]
[Date "2018.03.26"]
[Round "13"]
[White "Caruana, Fabiano"]
[Black "Aronian, Levon"]
[Result "1-0"]
[WhiteElo "2784"]
[BlackElo "2794"]
[Annotator "TA"]
[PlyCount "77"]
[EventDate "2018.??.??"]
[EventType "tourn"]
[EventCountry "GER"]
[SourceTitle "playchess.com"]
[Source "ChessBase"]
[SourceQuality "1"]

{[%evp 15,77,8,12,0,0,-8,7,3,10,-2,4,4,11,21,19,19,50,48,41,38,39,1,63,57,89,87,101,93,96,85,108,82,81,68,133,116,143,133,150,148,149,136,88,-4,0,-3,0,1,384,380,383,379,370,355,685,702,771,734,1285,1295,1563,1557,4925,3625]} 1. e4 e5 2. Nf3 Nc6 3. Bb5 a6 4. Ba4 Nf6 5. O-O Be7 6. Re1 b5 7. Bb3 O-O 8. d3 d6 {[%cal Bd7d6,Bd6d5][%mdl 32] LiveBook: 625 Games} 9. Bd2 {C88: Closed Ruy Lopez: Anti-Marshall Systems} (9. c3 Na5 10. Bc2 c5 11. h3 Re8 12. d4 Nd7 13. d5 Bf8 14. Nbd2 g6 15. Nf1 Bg7 16. g4 c4 17. Ng3 Nb7 18. Be3 Ndc5 19. b4 {1-0 (47) Alekseev,E (2616)-Kovalev,V (2639) Tallinn 2018}) (9. a4 Bd7 10. c3 Na5 11. Bc2 c5 12. Nbd2 Re8 13. d4 exd4 14. cxd4 Bg4 15. h3 Bh5 16. d5 Qc8 {1-0 (39) Caruana,F (2773)-Aronian,L (2816) Sao Paulo/Bilbao 2012}) 9... Bg4 10. c3 d5 11. h3 {The position is equal.} Bh5 12. Qe2 $146 {Threatening exd5.} ({Predecessor:} 12. exd5 Nxd5 13. g4 Bg6 14. Nxe5 Nxe5 15. Rxe5 Nb6 16. d4 Bd6 {1-0 (46) Jackson,S (2185)-Littlewood,P (2435) London 1984}) 12... Rb8 13. Bg5 dxe4 14. dxe4 h6 {Threatens to win with ...Bxf3.} 15. Bc1 Bg6 16. Nbd2 Nh5 17. Nf1 Bc5 18. g3 Kh7 (18... Nf6 $11) 19. Kg2 $14 Qe7 20. Bc2 Rfd8 21. b4 Bb6 22. a4 Nf6 {[%cal Bh5f6,Bf6g4,Bg4f2][%mdl 32]} 23. Nh4 Qe6 24. Bd3 Bh5 (24... Qd7 $14 25. Rd1 bxa4) 25. g4 $16 Bxg4 26. hxg4 Nxg4 {[#]} 27. Nf5 $1 Nxf2 28. Bc2 {Hoping for N1e3.} g6 29. N1e3 $40 {[%mdl 128] White mounts an attack.} (29. a5 $16 Ba7 30. N1e3 (30. Be3 Nxe4 31. Bxa7 Nxc3 $16)) 29... gxf5 $11 30. exf5 Qf6 31. Qxf2 {[#]} e4 $2 {[%mdl 8192]} (31... Nxb4 $1 $11 {[%mdl 512] and Black stays safe.} 32. cxb4 Rd4) 32. Rh1 $18 ({But not} 32. Bxe4 Ne5 $18) 32... Rd6 33. Bxe4 Rg8+ 34. Kf1 Ne5 $2 (34... Rg5 35. Nd5 Rxd5 36. Bxg5 Qxg5) 35. Qf4 {Strongly threatening Nd5.White is clearly winning.} c6 36. axb5 Rg5 37. bxa6 Qd8 38. f6+ Ng6 {[#]} 39. Rxh6+ $1 {Precision: White = 67%, Black = 48%.} 1-0

[Event "World Chess Candidates 2018"]
[Site "Berlin"]
[Date "2018.03.26"]
[Round "13"]
[White "Ding, Liren"]
[Black "Kramnik, Vladimir"]
[Result "1/2-1/2"]
[WhiteElo "2769"]
[BlackElo "2800"]
[Annotator "TA"]
[PlyCount "94"]
[EventDate "2018.??.??"]
[EventType "tourn"]
[EventCountry "GER"]
[SourceTitle "playchess.com"]
[Source "ChessBase"]
[SourceQuality "1"]

{[%evp 20,94,48,44,38,22,39,22,25,0,0,0,27,34,28,25,24,27,40,-47,-50,-103,-103,-99,-77,-89,-95,-79,-83,-89,-90,-112,-104,-107,-99,-118,-118,-159,-159,-145,-154,-158,-153,-160,-161,-145,-47,-36,-51,-35,-33,-14,-12,-16,-8,-8,-8,-8,-8,-9,-8,-8,-10,-17,-17,-17,-17,-17,-17,-8,0,0,0,-8,0,0,0]} 1. c4 e6 2. Nc3 c5 3. Nf3 Nf6 4. g3 b6 5. e4 Bb7 6. d3 d6 {A17: English Opening: 1...Nf6 with ...Bb4} 7. Bg2 g6 8. O-O Bg7 9. Re1 O-O 10. d4 cxd4 11. Nxd4 {LiveBook: 6 Games} a6 12. b3 {[%cal Bb2b3,Bb3b4][%mdl 32]} Nbd7 13. Ba3 $146 ({Predecessor:} 13. Bb2 Qc7 14. Re2 Rad8 15. Qe1 Qb8 16. Rd1 Nc5 17. f3 Rfe8 18. Kh1 {½-½ (18) Portisch,L (2655)-Spassky,B (2615) Mexico City 1980}) 13... Nc5 14. b4 Ncd7 $1 15. b5 Ne8 16. Rc1 Ne5 17. Qe2 axb5 18. Ndxb5 g5 19. h3 ({Better is} 19. Bb4 $14) 19... f5 $1 $15 20. exf5 (20. Red1 $15 f4 21. gxf4 gxf4 22. f3) 20... Bxg2 $17 21. Kxg2 Rxa3 $1 22. Nxa3 {Strongly threatening Nab5.} Qa8+ 23. Qe4 Qxa3 24. fxe6 Nf6 $1 {[%cal Rf6e4]} 25. Qe2 Qa8+ $1 {[%mdl 1024] Black has strong compensation.} 26. f3 {[#]} h5 $1 {Threatens to win with ...g4.} 27. e7 Re8 {aiming for ...g4.} 28. Ne4 g4 29. hxg4 hxg4 30. fxg4 Nfxg4 31. Qd1 {[#]} Bh6 $1 {...Ne3+ is the strong threat.} ({Don't play} 31... Rxe7 32. Qd5+ Qxd5 33. cxd5 $15) (31... Qxa2+ 32. Rc2 $11) 32. Rc3 Rxe7 ({Worse is} 32... Qxa2+ 33. Re2 $14) (32... Kh7 $17 33. a3 Rxe7) 33. Qd5+ $15 Qxd5 34. cxd5 Ra7 35. Re2 Nf7 {The position is equal.} 36. Kh3 Nge5 {[#]} 37. Nxd6 $1 {[%mdl 512]} Nxd6 38. Rxe5 Bg7 ({Of course not} 38... Rxa2 $6 39. Rc6 $16) 39. Rg5 Ne4 40. Rc8+ Kh7 41. Rh5+ Kg6 42. Rh4 Ng5+ 43. Kg2 Rxa2+ 44. Kf1 Ra1+ 45. Ke2 Ra2+ 46. Kf1 Ra1+ 47. Ke2 Ra2+ {Precision: White = 62%, Black = 60%.} 1/2-1/2

[Event "World Chess Candidates 2018"]
[Site "Berlin"]
[Date "2018.03.27"]
[Round "14"]
[White "Kramnik, Vladimir"]
[Black "Mamedyarov, Shakhriyar"]
[Result "1/2-1/2"]
[WhiteElo "2800"]
[BlackElo "2809"]
[Annotator "TA"]
[PlyCount "108"]
[EventDate "2018.??.??"]
[EventType "tourn"]
[EventCountry "GER"]
[SourceTitle "playchess.com"]
[Source "ChessBase"]
[SourceQuality "1"]

{[%evp 17,108,43,57,25,39,10,11,0,0,0,0,0,0,0,0,0,0,0,0,-4,0,0,0,0,28,2,9,-28,0,0,0,0,0,0,0,-25,-18,-27,0,0,0,0,0,0,93,0,0,0,0,0,0,0,0,0,0,0,0,0,0,0,0,0,0,0,0,0,0,0,0,0,0,0,0,0,0,0,0,0,0,0,0,0,0,0,0,0,0,0,0,0,0,0,0]} 1. d4 Nf6 2. Nf3 e6 3. c4 d5 4. g3 Be7 5. Bg2 O-O 6. O-O dxc4 7. Ne5 Qd6 8. Na3 {E05: Open Catalan: 5 Nf3 Be7} Rd8 9. Naxc4 Qa6 {LiveBook: 4 Games} 10. Qc2 $146 {White is slightly better.} ({Predecessor:} 10. Qb3 Rxd4 11. Bf4 Nbd7 12. Rac1 c6 13. Rfd1 Rxd1+ 14. Rxd1 h6 15. e4 Nb6 {½-½ (67) So,W (2674)-Ljubojevic,L (2572) Amsterdam 2010}) 10... Rxd4 11. Bg5 Nbd7 12. Rfd1 Rxd1+ 13. Rxd1 {[#] Black must now prevent Nxd7.} Nxe5 14. Nxe5 Qa5 15. Bf4 Nd5 $1 16. Be4 g6 17. Bh6 Qc5 ({Don't go for} 17... Qxa2 $2 18. Bxd5 Qa5 19. Nc4 $18) 18. Qd2 Qb4 19. Qc2 Qc5 20. Qd3 Qd6 21. Nc4 Qc5 22. Qf3 {With the idea Ne5.} c6 (22... Nf6 $5 {[%cal Rc5c4]} 23. Bd3 Bd7 $11) 23. Bd3 $40 {[%mdl 128] Black needs to defend precisely.} (23. Ne5 f5 $17) ({But not} 23. Bxd5 exd5 24. Ne3 Qd6 $17) 23... Nf6 24. e4 e5 25. Be3 Qb4 {[#] ...Bg4 is the strong threat.} 26. Nxe5 Qxb2 27. Bf4 $1 Be6 {Hoping for ...g5.} 28. Rb1 Qxa2 29. Rxb7 Bc5 {Threatens to win with ...Ng4!} 30. Kg2 Re8 (30... Bd4 $11 {keeps the balance.}) 31. h3 (31. Bg5 $16 Nh5 32. Nxc6) 31... Bxf2 $11 {The position is equal.} 32. Qxf2 Bxh3+ $1 33. Kg1 $1 Qxf2+ 34. Kxf2 Rxe5 $1 35. Bxe5 Ng4+ 36. Kg1 {[%cal Rb7b8]} (36. Ke2 {feels hotter.} Nxe5 37. Rxa7 Kg7 38. Ke3 Kf6 39. Bc2) 36... Nxe5 {[%mdl 4096] Endgame KRB-KBN} 37. Be2 Kg7 38. Rxa7 Kf6 39. Ra5 Bd7 40. Kf2 Ke6 41. Ke3 Kd6 42. Ra1 h5 43. Rd1+ Ke7 44. Kd4 f6 45. Kc5 Bh3 46. Ra1 Bg2 47. Ra4 Ke6 48. Rd4 Nf3 49. Rd8 Ng5 50. Bc4+ ({Reject} 50. Kxc6 Nxe4 51. Bc4+ Kf5 $17) 50... Ke7 51. Rg8 Nxe4+ 52. Kxc6 Nd6+ 53. Kc5 Nxc4 54. Kxc4 Kf7 {Precision: White = 65%, Black = 79%.} 1/2-1/2

[Event "World Chess Candidates 2018"]
[Site "Berlin"]
[Date "2018.03.27"]
[Round "14"]
[White "Grischuk, Alexander"]
[Black "Caruana, Fabiano"]
[Result "0-1"]
[WhiteElo "2767"]
[BlackElo "2784"]
[Annotator "TA"]
[PlyCount "138"]
[EventDate "2018.??.??"]
[EventType "tourn"]
[EventCountry "GER"]
[SourceTitle "playchess.com"]
[Source "ChessBase"]
[SourceQuality "1"]

{[%evp 9,138,13,16,4,13,7,7,6,10,14,6,6,8,8,4,4,18,0,0,-3,-3,-8,11,-6,-11,-15,-18,-45,-30,-43,-51,-30,-51,-43,-24,-45,-45,-45,-45,-45,-45,-45,-45,-45,-45,-87,-45,-53,-49,-61,-41,-50,-17,-144,-135,-138,-143,-147,-142,-151,-143,-147,-99,-171,-167,-166,-165,-164,-147,-193,-68,-156,-152,-188,-191,-193,-193,-366,-247,-227,-194,-220,-177,-185,-184,-236,-208,-328,-326,-328,-225,-260,-253,-253,-253,-252,-252,-252,-254,-366,-377,-350,-312,-409,-405,-309,-271,-1239,-437,-493,-486,-734,-449,-463,-442,-635,-280,-633,-616,-626,-616,-576,-548,-891,-496,-864,-843,-1113,-910,-1087,-1065]} 1. e4 e5 2. Nf3 Nf6 3. d4 Nxe4 4. dxe5 d5 5. Nbd2 Nxd2 6. Bxd2 {C43: Petroff Defence: 3 d4} Be7 7. Bd3 (7. Be2 O-O 8. O-O c5 9. Bf4 Nc6 10. Qd2 Be6 11. c3 Qd7 12. h3 Rad8 13. Rfd1 h6 14. Bd3 Bf5 15. Bg3 Bxd3 16. Qxd3 Qe6 17. a3 b6 {½-½ (31) Nepomniachtchi,I (2751)-Mamedyarov,S (2809) Moscow 2018}) 7... c5 8. c3 {The position is equal.} Nc6 9. O-O Bg4 10. Re1 Qd7 11. h3 Bh5 $146 ({Predecessor:} 11... Bf5 12. Qc2 Bxd3 13. Qxd3 O-O {1-0 (47) Vallejo Pons,F (2696)-Perez Garcia,R (2426) Lugo 2009}) 12. Bf4 Qe6 13. a3 O-O 14. b4 h6 15. Bg3 b6 16. Nd4 Bxd1 17. Nxe6 fxe6 18. Raxd1 c4 19. Bc2 b5 20. a4 a6 21. f3 $1 Bg5 22. Bf2 Bf4 23. Bc5 Rfd8 24. Bd6 Bg3 25. Re2 g5 26. Kf1 Kf7 27. Bc7 Re8 28. Bd6 Rac8 29. Ra1 Red8 30. Bb1 Rd7 31. Ra3 (31. axb5 $11 axb5 32. Ra6) 31... d4 $1 $17 32. axb5 axb5 33. cxd4 Nxd4 34. Rea2 Nc6 35. Be4 Bxe5 ({Don't do} 35... Nxe5 36. Ra7 $15) 36. Bxc6 (36. Bc5 $17) 36... Rxd6 $19 37. Bxb5 Rd1+ 38. Ke2 Rg1 $1 39. Ke3 Rb1 (39... c3 $19 40. Bd3 Rd8) 40. Ra7+ {[#]} (40. Ra8 $15 Rxa8 41. Rxa8) 40... Kf6 $1 $17 41. Bd7 Bf4+ 42. Ke2 Rd8 {Strongly threatening ...c3.} 43. Rc2 $2 (43. R2a6 {is the only way for White.}) 43... Rxb4 44. Bc6 {[#]} c3 $1 {[%mdl 512]} 45. Rd7 (45. Rxc3 Rd2+) 45... Rc8 46. Be4 h5 {[%cal Bh6h5,Bh5h4][%mdl 32]} 47. Kd3 (47. Ra7 {might work better.}) 47... Rb2 $19 48. Ke2 (48. Bb7 {is a better defense.} Rc4 49. g3 Bxg3 50. Be4) 48... h4 49. Rd1 Ke5 50. Ra1 Rd8 {Threatens to win with ...Rxc2+.} 51. Rd1 Rdb8 52. Ra1 Bd2 53. Ra6 Rd8 54. Rc6 (54. Ra3 {was called for.}) 54... Rb1 55. Kf2 Ra1 56. Rc4 Rd4 57. Rc8 Rb4 58. Ke2 $2 (58. Rd8) 58... Kf4 (58... Re1+ $142 59. Kf2 Rbb1 60. R2xc3 {[#]} Bf4 $1 {[%mdl 512]} 61. R3c5+ Kd6 62. R5c6+ Kd7 63. R8c7+ Bxc7 64. Rxc7+ Kxc7) 59. Kf2 Rbb1 60. Rf8+ Ke5 {aiming for ...Re1.} 61. Bd3 Rb2 62. Ke2 (62. Rc8 $142 Raa2 63. Rxb2 cxb2 64. Rc4) 62... Re1+ 63. Kf2 Rc1 {Black is clearly winning.} 64. Rxb2 cxb2 {KRB-KRB} 65. Rb8 Bc3 66. Be4 Bd4+ 67. Ke2 Kf4 68. Rb4 e5 69. Rb7 Kg3 {Precision: White = 49%, Black = 79%.} 0-1